000 00486nam a2200169 i 4500
001 62159
003 ES-MaACL
005 20230906164622.0
007 t|
008 031118s1926 fr ||||1| fre d
100 1 _aFaye, Stephane.
_949025
245 1 3 _aLa dernière chevauchée d'un Contamine de Latour /
_cStéphane Faye.
260 _aPantoise :
_bL. Paris,
_c1926.
300 _a23 p. ;
_c20 cm.
600 0 4 _aContamine de Latour, Emmanuel.
_940259
852 _aES-MaACL
_j1673-F-16
999 _c62159
_d62159